000 01531nam a2200433 i 4500
001 2650
003 KOSZ 005
005 20221229112658.0
008 981026s1986 pl a |001 0 pol
015 _aPB 1986/2563
020 _a8301000740
020 _a8301005270
035 _a(OCoLC)835904922
040 _aWA N
_cWA N
_dKOSZ 005/EG
041 0 _apol
046 _k1986
080 _a51
080 _a(075.8)
245 1 0 _aMatematyka :
_bpodręcznik podstawowy dla WST [wyższych szkół technicznych].
_nT. 2 /
_cM[aciej] Mączyński [et al.].
250 _aWyd. 2.
260 _aWarszawa :
_bPańst. Wydaw. Naukowe,
_c1986.
300 _a416 s. :
_brys., wykr. ;
_c25 cm.
336 _2rdacontent
_aTekst
_btxt
337 _2rdamedia
_aBez urządzenia pośredniczącego
_bn
338 _2rdacarrier
_aWolumin
_bnc
380 _aKsiążki.
490 1 _aMatematyka dla Politechnik.
504 _aBibliogr. s. 411. - Indeks.
650 4 _aMatematyka
_xszkoły wyższe.
655 4 _aPodręczniki akademickie
700 1 _aMuszyński, Jerzy
_d(1931-2008)
_eAutor
700 1 _aŻakowski, Wojciech
_d(1929-1993)
_eAutor
700 1 _aTraczyk, Tadeusz
_d(1921-2013).
_eAutor
700 1 _aMączyński, Maciej
_d(1937- )
_eAutor
710 2 _aPaństwowe Wydawnictwo Naukowe
_4pbl.
830 0 _aMatematyka dla Politechnik
856 _uhttp://koha.tu.koszalin.pl/cgi-bin/koha/opac-detail.pl?biblionumber=2650
_yKatalog online BPK
942 _2UKD
_cKS
999 _c2650
_d2650